000 00395nam a22001457a 4500
005 20200607115811.0
008 200607b xxu||||| |||| 00| 0 eng d
082 _a345.4
110 _aALL INDIA REPORTER
_95825
245 _aALL INDIA REPORTER , 1967 (V-54) SUPREME COURT SECTION
260 _aMUMBAI
_bALL INDIA REPORTER , PVT LTD.
300 _a1200;p
650 _aLAW
_95701
942 _cJRL
999 _c6893
_d6891